Wykaz Ulic Gniezna (woj. Wielkopolskie) - Statystyki

Ogólne statystyki
  • Ten quiz został rozwiązany 49 razy
    48 od ostatniego zresetowania
  • Średni wynik to 42 z 437
Statystyki odpowiedzi
Group 17 Dywizji Piechoty % Poprawnych
Ulice (P) Poznańska
64%
Ulice (B) Bolesława Chrobrego
61%
Ulice (W) Witkowska
61%
Ulice (0-9) 3 Maja
58%
Ulice Gdańska
58%
Ulice (W) Warszawska
55%
Ulice (W) Wrzesińska
55%
Ulice (M) Mieszka I
45%
Ulice (E) Elizy Orzeszkowej
42%
Ronda | Ulice (W) Winiary
42%
Ulice (A) Adama Mickiewicza
39%
Rynek Rynek
39%
Ulice (D) Dąbrówki
36%
Ulice (L) Leśna
36%
Ulice (F) Franklina Roosevelta
33%
Ulice (K) Kawiary
33%
Osiedle Orła Białego
33%
Ulice (Ż) Żabia
33%
Ulice (G) Grunwaldzka
30%
Ulice (J) Jeziorna
30%
Ulice (N) Nowa
30%
Ulice (S) Słoneczna
30%
Ulice (W) Wolności
30%
Ulice (A) Agrestowa
27%
Ulice (B) Biała
27%
Ulice (D) Dalkoska
27%
Ulice (D) Dworcowa
27%
Osiedle Kazimierza Wielkiego
27%
Ulice (K) Krótka
27%
Ulice (K) Krzywe Koło
27%
Ulice (L) Lecha
27%
Ulice (T) Tadeusza Kościuszki
27%
Osiedle Władysława Łokietka
27%
Rynek Zielony Rynek
27%
Ulice (0-9) 28 Grudnia
24%
Ulice (B) Budowlanych
24%
Ulice (J) Jana III Sobieskiego
24%
Ulice (K) Kłeckoska
24%
Ulice (P) Piekary
24%
Ulice (P) Półwiejska
24%
Ulice (R) Różana
24%
Ulice (T) Truskawkowa
24%
Ulice (A) Armii Krajowej
21%
Ulice (B) Bolesława Prusa
21%
Ulice (C) Cierpięgi
21%
Ulice (C) Czereśniowa
21%
Osiedle Jagiellońskie
21%
Ulice (L) Lipowa
21%
Ulice (M) Malinowa
21%
Ulice (M) Mikołaja Kopernika
21%
Ulice (M) Mokra
21%
Ulice (O) Osiniec
21%
Ulice (P) Pałucka
21%
Ulice (S) Sosnowa
21%
Ulice (Ś) św. Jana
21%
Ulice (W) Wierzbiczany
21%
Ulice (Ż) Żwirki i Wigury
21%
Ulice (A) Akacjowa
18%
Ulice (A) Artyleryjska
18%
Ulice (C) Czysta
18%
Ulice (G) Graniczna
18%
Ulice (J) Jabłoniowa
18%
Ulice (J) Jasna
18%
Ulice (J) Juliusza Słowackiego
18%
Ulice (K) Kwiatowa
18%
Parki Miejski
18%
Ulice (M) Mogileńska
18%
Ulice (P) Pocztowa
18%
Ulice (P) Pustachowska
18%
Ulice (T) Tulipanowa
18%
Ulice (Ż) Żnińska
18%
Ulice (A) Armii "Poznań"
15%
Ulice (B) bł. Jolenty
15%
Ulice (C) Chłopska
15%
Ulice (C) Czeremchowa
15%
Ulice (G) Głęboka
15%
Ulice (G) Gołębia
15%
Ulice (G) Grzybowo
15%
Ulice (H) Henryka Sienkiewicza
15%
Ulice (K) Kasztanowa
15%
Ulice (K) Klonowa
15%
Ulice (K) Konikowo
15%
Ulice (L) Lednicka
15%
Ulice (M) Mała
15%
Ulice (M) Miła
15%
Ulice (P) Papieża Jana Pawła II
15%
Ulice (P) Pawła Cymsa
15%
Ulice (P) Pobiedziska
15%
Ulice (P) Pod trzema mostami
15%
Ulice (R) Rybna
15%
Ulice (Ś) Świerkowa
15%
Ulice (Ś) św. Wawrzyńca
15%
Ulice (T) Tęczowa
15%
Ulice (T) Toruńska
15%
Inne Trasa Zjazdu Gnieźnieńskiego
15%
Ulice (T) Tumska
15%
Ulice (U) Ustronie
15%
Ulice (W) Wąska
15%
Ulice (W) Wiśniowa
15%
Rynek Bednarski Rynek
12%
Ulice (B) Błękitna
12%
Ulice (B) Boczna
12%
Ulice (B) Bohaterów Westerplatte
12%
Ulice (B) Brzozowa
12%
Ulice (B) Bukowa
12%
Ulice (C) Cicha
12%
Ulice (C) Czesława Miłosza
12%
Ulice (D) Daleka
12%
Ulice (D) Dojazd
12%
Ulice (D) Dzieci Wrzesińskich
12%
Ulice (F) Fabryczna
12%
Ulice (F) Farna
12%
Ulice (I) Ignacego Paderewskiego
12%
Ulice (J) Jagodowa
12%
Ulice (J) Jana Kochanowskiego
12%
Ulice (J) Jodłowa
12%
Ulice (K) Kasztelańska
12%
Ulice (K) Kolejowa
12%
Ulice (K) Konwaliowa
12%
Ulice (Ł) Łazienki
12%
Ulice (L) Leopolda Okulickiego
12%
Ulice (L) Liliowa
12%
Ulice (M) Mikołaja Reja
12%
Ulice (O) Odległa
12%
Ulice (O) Olsztyńska
12%
Ulice (O) Orcholska
12%
Ulice (P) Parkowa
12%
Osiedle Piastowskie
12%
Ulice (P) Polna
12%
Ulice (P) Przemysława
12%
Ulice (R) Rubież
12%
Ulice (R) Rycerska
12%
Ulice (S) Sportowa
12%
Ulice (S) Stanisława Moniuszki
12%
Ulice (S) Stefana Żeromskiego
12%
Ulice (S) Strzelecka
12%
Ulice (Ś) Świętokrzyska
12%
Ulice (Ś) św. Wojciecha
12%
Ulice (W) Wiejska
12%
Ulice (W) Wierzbowa
12%
Ulice (W) Wiosny Ludów
12%
Osiedle 1000-lecia
9%
Ulice (A) Adama Asnyka
9%
Ulice (A) Aleksandra Fredry
9%
Ulice (B) Biskupińska
9%
Ulice (B) Borowa
9%
Ulice (B) Bursztynowa
9%
Ulice (B) Bzowa
9%
Ulice (C) Cienista
9%
Ulice (F) Franciszkańska
9%
Ulice (G) Gębarzewska
9%
Ulice (G) Gębicka
9%
Ulice (G) Grabowa
9%
Ulice (G) Gwiaździsta
9%
Ulice (H) Hoża
9%
Ulice (J) Jaśminowa
9%
Ulice (K) Kiszkowska
9%
Droga Koszarowa
9%
Ulice (L) Leona Barciszewskiego
9%
Ulice (M) Miodowa
9%
Ulice (M) Myśliwiecka
9%
Ulice (O) Ogrodowa
9%
Ulice (O) Orzechowa
9%
Ulice (P) Pławnik
9%
Ulice (P) Podkomorska
9%
Ulice (P) Promykowa
9%
Ulice (P) Pszeniczna
9%
Ulice (P) Pułkowa
9%
Ulice (R) Radosna
9%
Ulice (S) Słomianka
9%
Ulice (S) Sokoła
9%
Ulice (S) Spokojna
9%
Ulice (S) Starowiejska
9%
Ulice (S) Strumykowa
9%
Ulice (S) Sucha
9%
Ulice (S) Swarzędzka
9%
Ulice (S) Szafirowa
9%
Ulice (T) Topolowa
9%
Ulice (W) Wesoła
9%
Ulice (W) Władysława Jagiełły
9%
Ulice (W) Wschodnia
9%
Ulice (Ż) Żuławy
9%
Ulice (A) Agatowa
6%
Ulice (A) Azaliowa
6%
Ulice (B) Bartnicza
6%
Ulice (B) Bolesława Śmiałego
6%
Ulice (C) Cechowa
6%
Ulice (C) Cyprysowa
6%
Ulice (D) Dębińska
6%
Ulice (D) Drobna
6%
Ulice (G) Gajowa
6%
Ulice (G) Garbarska
6%
Ulice (H) Harcerska
6%
Ulice (H) Hetmańska
6%
Ulice (H) Hugona Kołłątaja
6%
Ulice (I) Ignacego Krasickiego
6%
Skwer im. Miasta Anagni
6%
Ulice (I) Inowrocławska
6%
Ulice (J) Jana Brzechwy
6%
Ulice (J) Jana Długosza
6%
Ulice (J) Jana Kasprowicza
6%
Ulice (J) Jana Kilińskiego
6%
Ulice (J) Jana Matejki
6%
Ulice (J) Joachima Lelewela
6%
Ulice (K) Kokoszki
6%
Ulice (K) Kosynierów
6%
Ulice (K) Królowej Jadwigi
6%
Ulice (K) Krucza
6%
Ulice (K) Kujawska
6%
Ulice (L) Lazurowa
6%
Ulice (L) Leszczynowa
6%
Ulice (L) Leszczyńska
6%
Ulice (L) Listopadowa
6%
Ulice (M) Magnoliowa
6%
Ulice (M) Marii Konopnickiej
6%
Ulice (M) Mazowiecka
6%
Ulice (M) Młodzieży Polskiej
6%
Ulice (M) Modrzewiowa
6%
Promenady Niepodległości
6%
Ulice (N) Niska
6%
Ulice (O) Osikowa
6%
Ulice (O) Owocowa
6%
Ulice (P) Podleśna
6%
Ulice (P) Pomorska
6%
Ulice (P) Pomowska
6%
Ulice (P) Poprzeczna
6%
Ulice (P) Powstania Warszawskiego
6%
Ulice (P) Promienista
6%
Ulice (P) Prosta
6%
Ulice (R) Rolna
6%
Ulice (R) Romualda Traugutta
6%
Ulice (R) Rubinowa
6%
Ulice (R) Rumiankowa
6%
Ulice (R) Rzepichy
6%
Ulice (R) Rzeźnicka
6%
Ulice (S) Senatorska
6%
Ulice (S) Składowa
6%
Ulice (Ś) Ślusarska
6%
Ulice (S) Spichrzowa
6%
Ulice (S) Stolarska
6%
Ulice (S) Storczykowa
6%
Ulice (S) Stroma
6%
Ulice (Ś) św. Michała
6%
Ulice (S) Swojska
6%
Aleja Szarych Szeregów
6%
Ulice (S) Szewska
6%
Ulice (S) Szlachecka
6%
Ulice (T) Trzemeszeńska
6%
Ulice (W) Warzywna
6%
Ulice (W) Wełnicka
6%
Inne Wiadukt Solidarności
6%
Ulice (W) Wiązowa
6%
Ulice (W) Wieśniacza
6%
Ulice (W) Wiklinowa
6%
Ulice (W) Wincentego Kadłubka
6%
Ulice (W) Wiosenna
6%
Ulice (W) Wodna
6%
Ulice (Z) Zacisze
6%
Ulice (Z) Zatorze
6%
Ulice (Z) Zaułek
6%
Ulice (Ż) Żerniki
6%
Ulice (Z) Ziemowita
6%
Ulice (Ż) Żołnierska
6%
Ulice (Ż) Żurawinowa
6%
Parki 25-lecia
3%
Ulice (A) Agnieszki Osieckiej
3%
Aleja Aleje Władysława Stanisława Reymonta
3%
Ulice (A) Arkadego Fiedlera
3%
Ulice (A) Aroniowa
3%
Promenady Batalionu Parasol
3%
Ulice (B) Bluszczowa
3%
Ulice (B) Bolesława Leśmiana
3%
Ulice (B) Bratkowa
3%
Ulice (C) Cedrowa
3%
Ulice (C) Chabrowa
3%
Ulice (C) Chłodna
3%
Ronda Chrztu Polski
3%
Ulice (C) Cisowa
3%
Ulice (C) Cypriana Kamila Norwida
3%
Ronda dr. Teodora Pozorskiego
3%
Ronda Europejskie
3%
Ulice (F) Fryderyka Szopena
3%
Ulice (G) Górna
3%
Ulice (G) Grodzka
3%
Ulice (H) Halna
3%
Ulice (H) Hipolita Cegielskiego
3%
Ronda im. Franciszka Szeszuły
3%
Ronda im. Klemensa Janickiego
3%
Plac im. ks. kan. Zbigniewa Kapturczaka
3%
Ulice (J) Jarosława Iwaszkiewicza
3%
Ulice (J) Jaworowa
3%
Ulice (J) Jemiołowa
3%
Ulice (J) Jesionowa
3%
Ulice (J) Juliana Tuwima
3%
Ulice (K) Kalinowa
3%
Ulice (K) Kaliska
3%
Ulice (K) Kampanii Wrześniowej
3%
Ulice (K) Kanclerska
3%
Ulice (K) Kanclerza Jana Łaskiego
3%
Ulice (K) Kaszarska
3%
Ulice (K) Kombatantów
3%
Ulice (K) Kostrzyńska
3%
Ulice (K) Krańcowa
3%
Ulice (K) Krzysztofa Kamila Baczyńskiego
3%
Ulice (K) Książęca
3%
Ulice (K) Księżycowa
3%
Ulice (K) ks. Prymasa Stefana Wyszyńskiego
3%
Ulice (K) ks. Stanisława Staszica
3%
Ulice (Ł) Łącznica
3%
Ulice (Ł) Łąkowa
3%
Ulice (Ł) Łanowa
3%
Ulice (M) Makowa
3%
Ulice (M) Malwowa
3%
Ulice (M) Mariana Wachtla
3%
Ulice (M) Młyńska
3%
Ulice (M) Morelowa
3%
Ulice (M) Morwowa
3%
Ulice (N) Nowaszki
3%
Ulice (O) Obrońców Gniezna
3%
Ulice (O) Okopowa
3%
Ulice (O) Olchowa
3%
Skwer Orląt Lwowskich
3%
Ulice (O) Orna
3%
Plac Plac Józefa Piłsudskiego
3%
Ulice (P) Podchorążych
3%
Ulice (P) Podgórna
3%
Ulice (P) Pogodna
3%
Ulice (P) Północna
3%
Ronda Polskiego Czerwonego Krzyża
3%
Ulice (P) Porzeczkowa
3%
Ulice (P) Poselska
3%
Ulice (P) Przecznica
3%
Ulice (P) Prześwit
3%
Ulice (R) Rymarska
3%
Ulice (R) Rzemieślnicza
3%
Ulice (S) Sadowa
3%
Ulice (Ś) Śliwowa
3%
Ulice (S) Słowiańska
3%
Ulice (S) Srebrna
3%
Ulice (S) Stanisława Chudoby
3%
Ulice (S) Stanisława Lema
3%
Ulice (S) Stefana Czarnieckiego
3%
Ulice (T) Turkusowa
3%
Ulice (U) Ugory
3%
Ulice (W) Wawrzyńca Surowieckiego
3%
Ulice (W) Witolda Gombrowicza
3%
Ulice (W) Wojskowa
3%
Ulice (Z) Zachodnia
3%
Ulice (Z) Zagajnikowa
3%
Ulice (Z) Zakątek
3%
Skwer Zesłańców Sybiru
3%
Ulice (Z) Złota
3%
Ulice (Z) Zofii Nałkowskiej
3%
Ulice (Ż) Żwirowa
3%
Ulice (Ż) Żytnia
3%
Skwer Adama Borysa ps. "Pług" dowódcy Batalionu Parasol
0%
Aleja Aleja Karola Marcinkowskiego
0%
Ulice (A) Augusta Cieszkowskiego
0%
Ulice (B) Batalionowa
0%
Ulice (B) Biskupa Michała Kozala
0%
Ulice (B) bp. Antoniego Laubitza
0%
Ulice (B) Brzoskwiniowa
0%
Ulice (D) Dereniowa
0%
Ulice (D) Dobrzyńska
0%
Ulice (D) Dożynkowa
0%
Ulice (E) Edwarda Grabskiego
0%
Ulice (G) Generała Stanisława Taczaka
0%
Ulice (G) gen. Jarosława Dąbrowskiego
0%
Ulice (G) gen. Józefa Bema
0%
Ulice (G) gen. Władysława Sikorskiego
0%
Ulice (G) Głogowa
0%
Ulice (G) Gościeszyńska
0%
Ulice (G) Gronowa
0%
Ulice (H) Henryka Wieniawskiego
0%
Ronda im. prof. Gerarda Labudy
0%
Plac im. Prymasa Mikołaja Trąby
0%
Ronda im. rotmistrza Witolda Pileckiego
0%
Ronda im. Żołnierzy Wyklętych
0%
Ulice (J) Jałowcowa
0%
Ulice (J) Jana Bilskiego
0%
Ulice (J) Jarzębowa
0%
Ulice (J) Jastrzębia
0%
Ulice (J) Jeżynowa
0%
Ulice (J) Józefa Chełmońskiego
0%
Ulice (J) Józefa Chociszewskiego
0%
Ulice (J) Józefa Kraszewskiego
0%
Ulice (J) Józefa Paczkowskiego
0%
Ulice (K) Karola Libelta
0%
Ulice (K) Kazimiery Iłłakowiczówny
0%
Ulice (K) Kolegiaty
0%
Ulice (K) Konstantego Ildefonsa Gałczyńskiego
0%
Ulice (K) Kornela Makuszyńskiego
0%
Ulice (K) Kościańska
0%
Ulice (K) Krawiecka
0%
Ulice (K) Kresowa
0%
Ulice (K) Kruszwicka
0%
Ulice (K) ks. Antoniego Ludwiczaka
0%
Ulice (K) ks. kan. Stanisława Sobczaka
0%
Ulice (K) ks. mjr. Mateusza Zabłockiego
0%
Ulice (K) ks. Prym. Macieja Łubieńskiego
0%
Aleja ks. Władysława Zientarskiego
0%
Ulice (L) Leopolda Staffa
0%
Ulice (Ł) Łowiecka
0%
Ulice (M) Marii Dąbrowskiej
0%
Ulice (M) Marii Pawlikowskiej-Jasnorzewskiej
0%
Ulice (M) Marii Rodziewiczówny
0%
Ulice (M) Marszałkowska
0%
Ulice (M) Mieczysława Karłowicza
0%
Ulice (M) Miętowa
0%
Ulice (M) Mnichowska
0%
Ulice (M) Modra
0%
Ulice (O) Oficerska
0%
Ulice (P) Piaskowa
0%
Ulice (P) Platanowa
0%
Ulice (P) Płocka
0%
Ulice (P) Południowa
0%
Ulice (P) Powstańców Wlkp.
0%
Ulice (P) prof. Józefa Kostrzewskiego
0%
Ulice (R) Równa
0%
Ulice (S) Seminaryjna
0%
Ulice (S) Skalna
0%
Ulice (S) Skrajna
0%
Ulice (S) Stanisława Przybyszewskiego
0%
Ulice (S) Stefana Banacha
0%
Ulice (T) Tadeusza Sobieralskiego
0%
Ulice (T) Transportowców
0%
Ulice (W) Wacława II
0%
Ulice (W) Widna
0%
Ulice (W) Wisławy Szymborskiej
0%
Ulice (W) Witolda Lutosławskiego
0%
Ulice (W) Władysława Odonica
0%
Ulice (W) Wrzosowa
0%
Ulice (Z) Zamiejska
0%
Ulice (Z) Zbigniewa Herberta
0%
Ulice (Z) Zgodna
0%
Ulice (Z) Zielna
0%
Nie znaleziono quizów pasujących do podanych kryteriów
Rozkład punktacji
Procent ludzi z każdym wynikiem
Percentyl według liczby udzielonych odpowiedzi
Twoja historia wyników
Nie rozwiązałeś tego quizu od ostatniego zresetowania